| 000 | 00561nam a22001697a 4500 | ||
|---|---|---|---|
| 003 | PILC | ||
| 005 | 20150112093443.0 | ||
| 008 | 130226t xxu||||| |||| 00| 0 eng d | ||
| 020 | _a971932080X | ||
| 050 |
_aCT 1798.R62 _b.V541 2005 |
||
| 082 |
_aSFf 920.72 _bV54 2005 |
||
| 100 |
_aVelasco, Melandrew T. _920843 |
||
| 245 |
_aIn a class of her own : _cMelandrew T. Velasco _bthe life and times of Angela Valdez Ramos / |
||
| 260 |
_aQuezon City _bMedia Touchstone Ventures _c2005. |
||
| 300 |
_a273 pages : _c30 cm. _bcolored illustration ; |
||
| 942 |
_2lcc _cBK |
||
| 999 |
_c14814 _d14814 |
||